000 01022nam a2200301 i 4500
001 000049055
003 DO-SdBNP
005 20250827103750.0
007 ta
008 250827s1987 dr r 000 0 spa d
040 _aDO-SdBNP
_bspa
_cBNPHU
_erda
041 _asp
082 4 _a346.7293082
_bR426L, 1987
_222
110 2 _aRepública Dominicana
_9447
240 1 0 _a[Leyes, etc.]
245 1 0 _aLeyes que rigen el sistema dominicano de ahorros y prestamos y reglamentos para su aplicación.
264 _aSanto Domingo :
_bBanco Nacional de la Vivienda,
_c1988
300 _a172 páginas ;
_c21 cm.
336 _ardacontent
_btexto
_2txt
337 _ardamedia
_bsin mediación
_2n
338 _ardacarrier
_bvolumen
_2nc
590 _aInventariado, 2025/DG
650 4 _aPréstamos bancarios
_zRepública Dominicana
_xLegislación
_97943
650 4 _aAhorro e inversión
_zRepública Dominicana
_xLegislación
_97944
650 4 _aDerecho bancario
_zRepública Dominicana
_97945
910 _aDG
942 _2ddc
_cLBS1
999 _c59830
_d59830